| 000 | 00709nam a2200217 a 4500 | ||
|---|---|---|---|
| 005 | 20240316063722.0 | ||
| 008 | 991125s1972 es 000 0 spa u | ||
| 020 | _a8420613770 | ||
| 035 | _aUPN01000004693 | ||
| 049 | _aCG | ||
| 050 | 4 |
_aB3313 A44 _bN5.28 1972 |
|
| 100 | 1 |
_aNietzsche, Friedrich Wilhelm, _d1844-1900 |
|
| 245 | 1 | 0 |
_aAsí habló Zaratustra : _bun libro para todos y para nadie / _cFriedrich Nietzsche ; introd., tr. y notas Andrés Sánchez Pascual. |
| 250 | _a8a ed. | ||
| 260 |
_aMadrid : _bAlianza, _c1972. |
||
| 300 | _a471 p | ||
| 440 | 3 |
_aEl libro de bolsillo. _pClásicos ; _v377 |
|
| 600 | 1 | 4 |
_aNIETZSCHE, FRIEDRICH WILHELM, _d1844-1900 |
| 650 | 4 |
_aFilosofía _95327 |
|
| 905 | _aLibro | ||
| 999 |
_c4693 _d4693 |
||